Т. 44, № 9; Журнал вычислительной математики и математической физики

Detalles Bibliográficos
Parent link:Журнал вычислительной математики и математической физики: научный журнал/ Российская академия наук (РАН). Т. 44, № 9.— , 1961-.— 0044-4669
Lenguaje:ruso
Publicado: 2004
Formato: MixedMaterials Libro
KOHA link:https://koha.lib.tpu.ru/cgi-bin/koha/opac-detail.pl?biblionumber=393204

MARC

LEADER 00000nam2a2200000 4500
001 393204
005 20231101064352.0
035 |a (RuTPU)RU\TPU\prd\29136 
090 |a 393204 
100 |a 20041025a20049999k y0rusy50 ca 
101 0 |a rus 
102 |a RU 
200 0 |a Т. 44, № 9 
210 |d 2004 
461 1 |0 (RuTPU)RU\TPU\prd\1767  |x 0044-4669  |t Журнал вычислительной математики и математической физики  |o научный журнал  |f Российская академия наук (РАН)  |v Т. 44, № 9  |d 1961- 
801 0 |a RU  |b 63413507  |c 20010227  |g PSBO 
801 1 |a RU  |b 63413507  |c 20041025  |g PSBO 
801 2 |a RU  |b 63413507  |c 20120726  |g RCR 
942 |c BK 
999 |a НТБ_ТПУ  |b НФ  |e -1/20040113  |p П-6795  |s 3/20040412  |u 0,00  |v 1